00318nam a22001337a 4500003000400000005001700004008004100021040002700062100001800089245002600107250000800133260003500141300000800176OSt20240403162138.0240403b |||||||| |||| 00| 0 eng d cCentral Library MRSPTU aGaelle Graham aTeach Yourself French a1st aLondonbHodder Educationc1998 a370